000 01143cam a2200325 a 4500
001 2468906
003 OSt
005 20230620152821.0
008 900419s1990 coua bs 001 0 eng
010 _a 90012411
020 _a0813309069 (alk. paper)
020 _a0813309077 (pbk. : alk. paper)
040 _aDLC
_cDLC
_dDLC
043 _an-us---
050 0 0 _aJK1965
_b.J33 1990
082 0 0 _a324.973/092
_220
_bJAC
100 1 _aJacobson, Gary C.
245 1 4 _aThe electoral origins of divided government :
_bcompetition in U.S. House elections, 1946-1988 /
_cGary C. Jacobson.
260 _aBoulder :
_bWestview Press,
_c1990.
300 _axvi, 152 p. :
_bill. ;
_c24 cm.
440 0 _aTransforming American politics
504 _aIncludes bibliographical references (p. 139-144) and index.
610 1 0 _aUnited States.
_bCongress.
_bHouse
_xElections.
650 0 _aElections
_zUnited States.
650 0 _aDivided government
_zUnited States.
651 0 _aUnited States
_xPolitics and government
_y1945-1989.
906 _a7
_bcbc
_corignew
_d1
_eocip
_f19
_gy-gencatlg
942 _2ddc
_cBK
999 _c1860
_d1860